000 00521nam a2200205Ia 4500
003 OSt
005 20230317113238.0
008 210423s2011 xx 000 0 und d
020 _a9788126147847
040 _cAL
041 _aeng
082 _a547.28 MAMT
100 _aMAMTA;DEVI (M Nithya).
_942016
245 _aElements of polymer chemistry.
260 _aNew Delhi
_bAnmol Publications
_c2011
300 _aiv,272
_bHB
365 _b900
_cINR
906 _achemistry. ; Elements ; polymer
942 _2ddc
_cBK
999 _c154689
_d154689